Apogeo y crisis del liberalismo, 1886-1890 /

Saved in:
Bibliographic Details
Main Author: Ferrari, Gustavo
Format: Book
Language:Spanish
Published: Buenos Aires : Ediciones La Bastilla : distribuidor exclusivo, Editorial Astrea de A. y R. Depalma, [1978]
Series:Memorial de la Patria
Subjects:
LEADER 01077nam a2200277 i 4500
001 c000332392
003 CARM
005 00000000000000.0
008 790122s1978 ag b 00010 spa
019 1 |a 1352927  |5 LACONCORD2021 
035 |a (OCoLC)4535780  |5 LACONCORD2021 
043 |a s-ag--- 
050 0 0 |a F2847  |b .F47 
100 1 |a Ferrari, Gustavo. 
245 1 0 |a Apogeo y crisis del liberalismo, 1886-1890 /  |c Gustavo Ferrari. 
260 |a Buenos Aires :  |b Ediciones La Bastilla : distribuidor exclusivo, Editorial Astrea de A. y R. Depalma,  |c [1978] 
300 |a 262 p. ;  |c 20 cm. 
490 0 |a Memorial de la Patria 
504 |a Bibliography: p. [249]-257. 
600 2 0 |a Juárez Celman, Miguel,  |d 1844-1909. 
650 0 |a Liberalism  |z Argentina. 
651 0 |a Argentina  |x Politics and government  |y 1860-1910. 
852 8 |b CARM  |h A1:AN35B0  |i B09001  |p 0423302  |f BK 
082 0 4 |a 320.9/82/05 
999 f f |i 45ae308e-71f6-50c1-8bf9-9e03282ba56b  |s 23ceb35e-a61a-5405-a351-155530b5a1c4 
952 f f |p Can circulate  |a CAVAL  |b CAVAL  |c CAVAL  |d CARM 1 Store  |e B09001  |f A1:AN35B0  |h Other scheme  |i book  |m 0423302